000 00608nam a2200217Ia 4500
005 20260429111856.0
008 260429s9999||||xx |||||||||||||| ||und||
020 _a9780761948940
041 _aEnglish
082 _a330.9
_bHUD
100 _aHudson, Ray
245 0 _aEconomic geographies :
_bcircuits, flows and spaces /
_cRay Hudson
260 _aLondon :
_bSage Publications Ltd,
_c2005.
300 _av, 242 p.; pbk
650 _a Globalization
650 _a Human geography
650 _a Regional development
650 _a Spatial economics
650 _aEconomic geography
942 _cTB
999 _c51236
_d51236